Prosa

שמור ב:
מידע ביבליוגרפי
מחבר ראשי: Pezoa Véliz, Carlos 1879-1908 (Author)
פורמט: ספר
שפה:ספרדית
יצא לאור: Santiago Editorial Mago 2014
מהדורה:2a. ed
נושאים:
תגים: הוספת תג
אין תגיות, היה/י הראשונ/ה לתייג את הרשומה!

MARC

LEADER 00000cam a2200000 a 4500
001 UCD6291
003 CL-VaPUC
008 161124e20141200cl |||||||||||||||||spa|d
020 |a 9789563172584 
082 0 4 |a Ch861  |b PEZ  |2 21 
100 |a Pezoa Véliz, Carlos   |d 1879-1908  |e author  |9 322063 
245 1 0 |a Prosa 
250 |a 2a. ed 
300 |a 95 p 
942 |c BK 
945 |d 20161124 22:47:00  |a arojas 
260 |a Santiago  |b Editorial Mago  |c 2014 
650 0 |a Poesías chilenas   |9 265280 
650 0 |a Prosas chilenas   |9 316104 
650 0 |a Literatura chilena   |9 308278 
583 |a last modification  |c 20161124 22:47:00  |k Rodrigo Vera 
999 |c 366648  |d 366646